A new and universal dictionary of arts and sciences : ... With an introductory preface, ... And illustrated with a great number of copper-plates, engraven by the best hands.

Bibliographic Details
Main Author: Barrow, John, teacher of mathematics
Format: eBook
Language:English
Series:Eighteenth century collections online.
Online Access:Full text online

MARC

Tag First Indicator Second Indicator Subfields
LEADER 00000cam a2200000 4500
001 in00001885321
006 m | d |
007 cr |n||||||||n
008 800219s1751 enk|||| s 00| ||eng d
005 20260414191219.1
035 |a (CStRLIN)ESTCT90432 
040 |a Uk-ES  |c Uk-ES  |d CStRLIN  |d Thomson Gale  |d UtOrBLW 
100 1 |a Barrow, John,  |c teacher of mathematics. 
245 1 2 |a A new and universal dictionary of arts and sciences :  |b ... With an introductory preface, ... And illustrated with a great number of copper-plates, engraven by the best hands. 
264 3 |a London :  |b printed for the proprietors, and sold by John Hinton,  |c 1751. 
300 |a 4 unnumbered pages, 35, 1037 unnumbered pages, plates ;  |c 2⁰. 
336 |a text  |b txt  |2 rdacontent 
337 |a computer  |b c  |2 rdamedia 
338 |a online resource  |b cr  |2 rdacarrier 
500 |a Dedication signed: J. Barrow. 
500 |a Advertisements on this book state that it was issued in parts. 
500 |a Signatures: [pi]² a-h² i² (i1 + 1) B-12G². 
500 |a Reproduction of original from the British Library. 
510 4 |a Alston,  |c III.551 
510 4 |a English Short Title Catalog,  |c ESTCT90432. 
533 |a Electronic reproduction.  |b Farmington Hills, Mich. :  |c Thomson Gale,  |d 2003.  |n Available via the World Wide Web.  |n Access limited by licensing agreements  |7 s2003 miunns 
500 |a Electronic resource. 
830 0 |a Eighteenth century collections online. 
856 4 0 |u http://proxy.library.tamu.edu/login?url=https://galenet.galegroup.com/servlet/ECCO?c=1&stp=Author&ste=11&af=BN&ae=T090432&tiPG=1&dd=0&dc=flc&docNum=CW108070955&vrsn=1.0&srchtp=a&d4=0.33&n=10&SU=0LRM&locID=txshracd2898  |z Full text online  |t 0 
999 |a MARS 
999 f f |s e783524f-7945-3f87-88b4-43d3d877aa0b  |i b4118808-ffae-385f-858e-2aea9f0a22bf  |t 0 
952 f f |a Texas A&M University  |b College Station  |c Electronic Resources  |s www_evans  |d Available Online  |t 0  |h No information provided 
998 f f |t 0  |l Available Online